000 00282nam a2200109Ia 4500
008 200302s9999 xx 000 0 und d
100 _aJohn Harris & Other
245 _aSir Willam Chambers Architect to George
260 _bYale University Press
260 _c1996
300 _a229 P.,
999 _c5084
_d5084